<?xml version="1.0" encoding="UTF-8"?>
<marc:record xmlns:marc="http://www.loc.gov/MARC21/slim">
   <marc:leader>00000nam a2200000 a 4500</marc:leader>
   <marc:datafield ind1="1" ind2=" " tag="100">
      <marc:subfield code="a">Ambrosi, Franz</marc:subfield>
      <marc:subfield code="4">aut</marc:subfield>
      <marc:subfield code="e">Verfasser/-in</marc:subfield>
   </marc:datafield>
   <marc:datafield ind1=" " ind2=" " tag="653">
      <marc:subfield code="a">Täter</marc:subfield>
   </marc:datafield>
   <marc:datafield ind1=" " ind2=" " tag="653">
      <marc:subfield code="a">Misshandlung</marc:subfield>
   </marc:datafield>
   <marc:datafield ind1=" " ind2=" " tag="653">
      <marc:subfield code="a">Falsche Verdächtigung</marc:subfield>
   </marc:datafield>
   <marc:datafield ind1=" " ind2=" " tag="653">
      <marc:subfield code="a">Fiktionale Darstellung</marc:subfield>
   </marc:datafield>
   <marc:datafield ind1=" " ind2=" " tag="653">
      <marc:subfield code="a">Belletristische Darstellung</marc:subfield>
   </marc:datafield>
   <marc:datafield ind1=" " ind2=" " tag="653">
      <marc:subfield code="a">Erzählende Literatur: Gegenwartsliteratur ab 1945</marc:subfield>
   </marc:datafield>
   <marc:datafield ind1="0" ind2="0" tag="245">
      <marc:subfield code="a">Im Zweifel für den Angeklagten</marc:subfield>
   </marc:datafield>
   <marc:datafield ind1="0" ind2="0" tag="245">
      <marc:subfield code="c">Franz Ambrosi</marc:subfield>
   </marc:datafield>
   <marc:datafield ind1=" " ind2="1" tag="264">
      <marc:subfield code="a">Graz-Raaba</marc:subfield>
      <marc:subfield code="b">CM-Medienverl.</marc:subfield>
      <marc:subfield code="c">2012</marc:subfield>
   </marc:datafield>
   <marc:datafield ind1=" " ind2=" " tag="250">
      <marc:subfield code="a">1. Aufl.</marc:subfield>
   </marc:datafield>
   <marc:datafield ind1="1" ind2=" " tag="520">
      <marc:subfield code="a">Angaben aus der Verlagsmeldung

Im Zweifel für den Angeklagten

Der Fall A. entwickelte sich im Laufe der letzten Jahre zu einem der atemberaubendsten Prozesse in Österreich. Ein unbescholtener Mann wird von seiner Frau beschuldigt, sie gewürgt zu haben. Die Mehrheit der Geschworenen und die Berufsrichterinnen schenken dem Mann keinen Glauben, obwohl schon zum Zeitpunkt der Verhandlung die Beweislage alles andere als eindeutig ist. "Im Zweifel für den Angeklagten“, dieses rechtsstaatliche Prinzip scheint plötzlich außer Kraft gesetzt. Im Eilzugverfahren landet A. hinter Gittern, noch dazu in der berühmt-berüchtigten Haftanstalt Karlau in Graz. Doch „draußen“ glauben nach wie vor viele Menschen an seine Unschuld. Mit Hilfe von Spendengeldern wird eine Anwältin engagiert, die von Anfang an überzeugt ist, dass A. zu Unrecht im Gefängnis sitzt. Sie heuert einen ehemaligen Kriminalbeamten an, der mit einem Lügendetektor auf die Suche nach der Wahrheit geht. In einem neuerlichen Verfahren werden endlich die erforderlichen Untersuchungen gemacht, die Zweifel am Schuldspruch werden immer stärker. Genauso überraschend wie einst das Urteil kommt nun die Freilassung. Noch nie in der Geschichte der Republik Österreich wurde ein wegen Mordes Verurteilter auf diese Weise enthaftet. Von einer Minute auf die andere ist A. in Freiheit, umringt von Fernsehkameras, Journalisten, Fotografen. Zwar empfindet er in diesem Moment Genugtuung, in Ruhe und Frieden aber kann er noch lange nicht leben. Was passiert, wenn man für ein Verbrechen ins Gefängnis kommt, das man nicht begangen hat, schildert A. in klaren eindrücklichen Worten. Ein Buch, das Sie so schnell nicht vergessen werden.
</marc:subfield>
   </marc:datafield>
   <marc:datafield ind1=" " ind2=" " tag="020">
      <marc:subfield code="a">9783900254650</marc:subfield>
      <marc:subfield code="9">9783900254650</marc:subfield>
   </marc:datafield>
   <marc:datafield ind1=" " ind2=" " tag="041">
      <marc:subfield code="a">ger</marc:subfield>
   </marc:datafield>
   <marc:datafield ind1=" " ind2=" " tag="300">
      <marc:subfield code="a">156 S.</marc:subfield>
   </marc:datafield>
</marc:record>
